000 00570nam a2200193Ii 4500
003 JO-AjNU
008 230605s9999||||xx |||||||||||||| ||und||
040 _aJO-AjNU
_bara
_erda
_cJO-AjNU
041 _aara
050 1 4 _aRJ26.Q25 1985
100 3 _aرفعت ، محمد,
_eauthor
_920781
245 0 0 _aقاموس الطفل الطبي
264 3 1 _aبيروت:مكتبة هلال ، 1985
300 _a406ص
336 _atext
_btxt
_2rdacontent
337 _aunmediated
_bn
_2rdamedia
338 _avolume
_bnc
_2rdacarrier
650 4 _aقاموس الطفل
_920782
999 _aA7107
_c10675
_d10675